000 00616nam a2200229Ia 4500
003 OSt
005 20220918200710.0
006 a|||||r|||| 00| 0
007 ta
008 220917b |||||||| |||| 00| 0 eng d
024 _a89,892
037 _cTextual
040 _aARTS
_cARTS
_beng
041 _2eng
_aeng
082 _aU8:41:N5, J51
100 _aCaldwell John C
_993987
245 0 _aStill the rice grows green
_b Asia in the aftermath of Geneva and Panmunjom
260 _c1955
650 _aGEOGRAPHY
942 _hU8:41:N5, J51
_cTEXL
_2CC
999 _c213561
_d213561